| 000 | 00347nam a22001457a 4500 | ||
|---|---|---|---|
| 008 | 230627b ||||| |||| 00| 0 eng d | ||
| 020 | _a9780534516574 | ||
| 041 | _aeng | ||
| 080 |
_2SECOND EDITION _a616.9 |
||
| 082 | _a616.9HUD | ||
| 100 | _a16 | ||
| 101 | _aIAM | ||
| 245 |
_aMANAGEMENT PRACTICE IN DIETETICS _cHUDSON .R .N |
||
| 942 |
_2udc _cBK |
||
| 999 |
_c60054 _d60054 |
||